Word Ladder: Filth Quiz Stats

Quiz Updated Jul 22, 2015

Challenge
Share
Tweet
Embed
Score 0/17 Timer 02:00
1 Play Today
Clue Answer % Correct
Catholic service held on SundaysMASS
96.9%
It supports the sail, boom, and riggingMAST
93.8%
This plant doesn't grow on rolling stonesMOSS
93%
Something that's required or essentialMUST
90.7%
It's made mostly from dead skin cellsDUST
90.4%
A maid's worst enemyDUST
90.4%
To have concern for something or someoneCARE
88.1%
Items used to clean floorsMOPS
88%
You will need one of these if you have lots of things to buy at the storeCART
86.8%
Clue Answer % Correct
The very centerCORE
86.7%
To be sulky or sadMOPE
83.8%
The people that act in a movie or playCAST
82.9%
When someone gets what they deserve, they get ___ desertsJUST
82.3%
Component of a 3-piece suitVEST
80.9%
To deal with or endure somethingCOPE
79.7%
To joke JEST
79.5%
Expansive; stretching on foreverVAST
78%

Today's Daily Dose

Word Ladder
Summertime

On This Day
June 23rd II

You're not logged in!

Compare scores with friends on all Sporcle quizzes.
Join for Free
OR
Log In

You Might Also Like...

Show Comments

Extras

Top Quizzes Today


Score Distribution

Your Account Isn't Verified!

In order to create a playlist on Sporcle, you need to verify the email address you used during registration. Go to your Sporcle Settings to finish the process.

Report this User

Report this user for behavior that violates our Community Guidelines.

Details: